NLSUI OPAC header image

The construction of statutes : (Record no. 13861)

MARC details
000 -LEADER
fixed length control field 01651cam a2200349 a 4500
001 - CONTROL NUMBER
control field 208156
005 - DATE AND TIME OF LATEST TRANSACTION
control field 20260529150748.0
008 - FIXED-LENGTH DATA ELEMENTS--GENERAL INFORMATION
fixed length control field 990524r19991940flu 001 0 eng
010 ## - LIBRARY OF CONGRESS CONTROL NUMBER
LC control number 99073235
020 ## - INTERNATIONAL STANDARD BOOK NUMBER
International Standard Book Number 9781561695270
035 ## - SYSTEM CONTROL NUMBER
System control number 208156
035 ## - SYSTEM CONTROL NUMBER
System control number (DLC) 99073235
040 ## - CATALOGING SOURCE
Original cataloging agency DLC
Transcribing agency DLC
Modifying agency DLC
043 ## - GEOGRAPHIC AREA CODE
Geographic area code n-us---
082 ## - DEWEY DECIMAL CLASSIFICATION NUMBER
Classification number 348.022 CRA
100 1# - MAIN ENTRY--PERSONAL NAME
Personal name Crawford, Earl T.
245 14 - TITLE STATEMENT
Title The construction of statutes :
Remainder of title including a general discussion of certain foundational subjects ... in addition to a detailed treatment of the principles of interpretation and construction /
Statement of responsibility, etc. Earl T. Crawford.
260 ## - PUBLICATION, DISTRIBUTION, ETC.
Place of publication, distribution, etc. Karachi :
Name of publisher, distributor, etc. Pakistan Law House,
Date of publication, distribution, etc. 1998.
300 ## - PHYSICAL DESCRIPTION
Extent xvi, 1008 p. ;
Dimensions 24 cm.
365 ## - TRADE PRICE
Price amount Rs. 600
500 ## - GENERAL NOTE
General note Originally published: St. Louis : Thomas Law Book Co., 1940.
500 ## - GENERAL NOTE
General note Includes index.
505 ## - Contents
Contents 1. The Nature and Source of Statute Law;<br/>2. Legislative Power, Generally;<br/>3. Delegation of Legislative Power;<br/>4. The Legislature: Its Sessions, Organization, and Procedure, Generally;<br/>5. The Enactment of Statutes.
650 #0 - SUBJECT ADDED ENTRY--TOPICAL TERM
Topical term or geographic name entry element Law
Geographic subdivision United States
General subdivision Interpretation and construction.
650 #0 - SUBJECT ADDED ENTRY--TOPICAL TERM
Topical term or geographic name entry element Legislative bodies
Geographic subdivision United States.
650 #0 - SUBJECT ADDED ENTRY--TOPICAL TERM
Topical term or geographic name entry element Legislation
Geographic subdivision United States.
856 ## - ELECTRONIC LOCATION AND ACCESS
Uniform Resource Identifier <a href="https://archive.org/details/in.ernet.dli.2015.275901/page/n3/mode/2up">https://archive.org/details/in.ernet.dli.2015.275901/page/n3/mode/2up</a>
Link text Click here to access online book
906 ## - LOCAL DATA ELEMENT F, LDF (RLIN)
a 7
b cbc
c orignew
d 2
e opcn
f 19
g y-gencatlg
942 ## - ADDED ENTRY ELEMENTS (KOHA)
Source of classification or shelving scheme Dewey Decimal Classification
Koha item type BOOKs
Holdings
Withdrawn status Lost status Damaged status Not for loan Home library Current library Shelving location Date acquired Cost, normal purchase price Total Checkouts Full call number Barcode Date last seen Price effective from Koha item type Date last checked out
        NLS NLS NAB Compactor 30/05/2017 500.00   348.022 CRA 4837 30/05/2017 30/05/2017 BOOKs  
        NLS NLS Library Compactors 30/05/2017 600.00   348.022 CRA-3 14159 30/05/2017 30/05/2017 BOOKs  
        NLS NLS Library Compactors 30/05/2017 600.00 1 348.022 CRA-4 14160 12/01/2019 30/05/2017 BOOKs 04/01/2019